<?xml version="1.0" encoding="UTF-8"?><?xml-stylesheet type="text/xsl" href="static/style.xsl"?><OAI-PMH xmlns="http://www.openarchives.org/OAI/2.0/" xmlns:xsi="http://www.w3.org/2001/XMLSchema-instance" xsi:schemaLocation="http://www.openarchives.org/OAI/2.0/ http://www.openarchives.org/OAI/2.0/OAI-PMH.xsd"><responseDate>2026-06-02T02:13:39Z</responseDate><request verb="GetRecord" identifier="oai:riuma.uma.es:10630/24429" metadataPrefix="marc">https://riuma.uma.es/rest/oai/request</request><GetRecord><record><header><identifier>oai:riuma.uma.es:10630/24429</identifier><datestamp>2026-02-03T12:17:48Z</datestamp><setSpec>com_10630_2254</setSpec><setSpec>col_10630_37959</setSpec></header><metadata><record xmlns="http://www.loc.gov/MARC21/slim" xmlns:dcterms="http://purl.org/dc/terms/" xmlns:doc="http://www.lyncode.com/xoai" xmlns:xsi="http://www.w3.org/2001/XMLSchema-instance" xsi:schemaLocation="http://www.loc.gov/MARC21/slim http://www.loc.gov/standards/marcxml/schema/MARC21slim.xsd">
   <leader>00925njm 22002777a 4500</leader>
   <datafield ind2=" " ind1=" " tag="042">
      <subfield code="a">dc</subfield>
   </datafield>
   <datafield ind2=" " ind1=" " tag="720">
      <subfield code="a">Sammartino, Simone</subfield>
      <subfield code="e">author</subfield>
   </datafield>
   <datafield ind2=" " ind1=" " tag="720">
      <subfield code="a">García-Lafuente, Jesús</subfield>
      <subfield code="e">author</subfield>
   </datafield>
   <datafield ind2=" " ind1=" " tag="720">
      <subfield code="a">Nadal Arizo, Irene</subfield>
      <subfield code="e">author</subfield>
   </datafield>
   <datafield ind2=" " ind1=" " tag="720">
      <subfield code="a">Sánchez-Leal, Ricardo</subfield>
      <subfield code="e">author</subfield>
   </datafield>
   <datafield ind2=" " ind1=" " tag="260">
      <subfield code="c">2022</subfield>
   </datafield>
   <datafield ind2=" " ind1=" " tag="520">
      <subfield code="a">Since 2004, high resolution profiles of the 3D velocity of the water column have been collected at the westernmost sill of the Strait of Gibraltar (Espartel Sill), with the aim of monitoring the Mediterranean water outflow and evaluate its short and long term variability. A 75 kHz up-looking Acoustic Doppler Profiler (ADP) and, more recently, another 500 kHz model installed in down-looking mode, have been embedded in a subsurface buoy, deployed ∼20m above the seafloor at a depth of approximately 360m. The averaged profile of the observed along-strait current uses to show local minima ∼50m above seafloor, which has been interpreted as the diurnal-semidiurnal interaction of tidal currents (Sammartino et al., 2015). The prevailing semidiurnal tide drives periodic accelerations of the westward Mediterranean current flowing at the bottom, whereas diurnal constituents slow them down, giving rise to a local minimum in amplitude, and prompting severe drops in measurements accuracy. In year 2019, the main ADP was replaced by a 100 kHz model sporting an additional vertical beam that collects high resolution echograms of the water column. This new information reveals the key role of scatterers concentration, which undergoes diel migrations, and affects the reliability of the velocity observations which rely on the amplitude of scattered echo recorded by the instruments. Actually, echo amplitude reaches average correlations of 0.7 with measurement uncertainties. In light of these new insights, an accurate update of the Mediterranean outflow calculations is performed and new values of trend and long-term variability, are estimated.</subfield>
   </datafield>
   <datafield ind1="8" ind2=" " tag="024">
      <subfield code="a">https://hdl.handle.net/10630/24429</subfield>
   </datafield>
   <datafield tag="653" ind2=" " ind1=" ">
      <subfield code="a">Corrientes marinas</subfield>
   </datafield>
   <datafield tag="653" ind2=" " ind1=" ">
      <subfield code="a">Gibraltar (Estrecho)</subfield>
   </datafield>
   <datafield tag="653" ind2=" " ind1=" ">
      <subfield code="a">Oceanografía - Investigación - Mediterráneo</subfield>
   </datafield>
   <datafield ind2="0" ind1="0" tag="245">
      <subfield code="a">How biomass diel migration affects the reliability of currents measurements in the Strait of Gibraltar?</subfield>
   </datafield>
</record>
</metadata></record></GetRecord></OAI-PMH>